000 00606nam a2200253Ia 4500
005 20260121154837.0
008 008 260114s9999 xx 000 0 eng d
020 _a9781003038535
037 _aEBOOK
040 _aCRL
040 _beng
040 _cCRL
041 _2eng
041 _aeng
084 _qCRL
100 _a Samuel Wilson
_91012180
245 0 _aNew Music and the Crises of Materiality
260 _bTaylor and Francis
260 _c2021
856 _uhttp://www.taylorfrancis.com/books/9781003038535
942 _cEBOOK
999 _c1578999
_d1578999